• 首页
  • 本馆介绍
  • 公告通知
  • 最新文献
  • 馆藏检索
  • 电子资源
  • 读者导购
  • 参考咨询
  • 我的图书馆
  • 登录
  • 详细信息显示
  • 放入我的书架
  • 预约/预借图书
  • 作者相关作品
  • 分类相关作品
  • 丛书相关作品
  • 出版社相关作品

书目信息

  • 表格格式
  • 工作单格式
  • 卡片格式
题名:
医学美容与美容医学
    
 
作者: 孙美庆 编著
分册:  
出版信息: 上海   上海大学出版社  2004
页数: 148页
开本: 20cm
丛书名: 新健康丛书
单 册:
中图分类: R622
科图分类:
主题词: 美容术--基本知识 , 美容术
电子资源:
ISBN: 7-81058-690-4
000 00827oam2 2200265 450
001 002735678
005 20061107093947.60
010    @a7-81058-690-4@dCNY12.00
100    @a20041010d2004 em y0chiy0110 ea
101 0  @achi
102    @aCN@b310000
105    @ay z 000yy
200 1  @a医学美容与美容医学@9yi xue mei rong yu mei rong yi xue@f孙美庆等编著
210    @a上海@c上海大学出版社@d2004
215    @a148页@d20cm
225 2  @a新健康丛书
304    @a世界卫生组织(WHO)上海健康教育与健康促进合作中心审定
330    @a本书运用简明的问答形式,介绍了美容医学与手术基本知识,并对具体的美容项目与功能进行讲述。
461  0 @12001 @a新健康丛书
606 0  @a美容术@x基本知识
606 0  @a美容术
690    @aR622@v4
701  0 @a孙美庆@9sun mei qing@4编著
801  0 @aCN@bNLC@c20061107
905    @a10447@dR622@e30
    
    医学美容与美容医学/孙美庆等编著.-上海:上海大学出版社,2004
    148页;20cm.-(新健康丛书)
    
    
    ISBN 7-81058-690-4:CNY12.00
    本书运用简明的问答形式,介绍了美容医学与手术基本知识,并对具体的美容项目与功能进行讲述。
●
相关链接 在E读中查询图书 在五车中查询图书 在当当中查询图书 在豆瓣中查询图书


正题名:医学美容与美容医学     索取号:R622/30         预约/预借

序号 登录号 条形码 馆藏地/架位号 状态 备注
1 0382035   203820357   第二样本阅览室/ [索取号:R622/30] 在馆    
2 0382036   203820366   第三借阅区/ [索取号:R622/30] 在馆    
3 0382037   203820375   第三借阅区/ [索取号:R622/30] 在馆    
4 0382038   203820384   第三借阅区/ [索取号:R622/30] 在馆    
5 0382039   203820393   第三借阅区/ [索取号:R622/30] 在馆    
唐山师范学院图书馆 欢迎您!
大连网信软件有限公司© 版权所有